|
|
|
|
| LEADER |
00000ny a22000003n 4500 |
| 005 |
2011051208248.0 |
| 008 |
070206s19uu9999nz r p s 0 a0eng d |
| 022 |
|
|
|a 1176-5119
|
| 035 |
|
|
|a 3133
|
| 040 |
|
|
|a BUS
|d vLex
|
| 090 |
|
|
|c 1725
|d 1725
|
| 245 |
3 |
|
|a Junctures
|h [Recurso electrn̤ico]
|b The Journal for Thematic Dialogue
|
| 256 |
|
|
|a Servicio en ln̕ea
|
| 260 |
|
|
|a Nueva Zelanda :
|b Otago Polytechnic
|
| 506 |
1 |
|
|a Contenido solo disponible en los productos indicados
|d vLex Global
|d vLex Global (Academic Edition, excluding Law Schools)
|d vLex Global (Academic Edition, Law Schools)
|
| 650 |
0 |
4 |
|a Sociedades doctas e institutos
|x Publicaciones perid̤icas
|
| 740 |
0 |
|
|a vLex Revista (Servicios en ln̕ea)
|
| 843 |
|
|
|a Electrn̤ica. Abierta
|
| 853 |
|
|
|8 1
|i (year)
|j (month)
|k (day)
|
| 856 |
4 |
0 |
|z Acceso restringido
|u http://vlex.com/account/login_ip?fuente_id=3133
|
| 942 |
|
|
|c REV
|